00768nam a2200265Ia 4500008004000000020001800040082001700058100003200075245005400107260002100161300001200182650000700194650000800201650001000209650001200219650000800231650000800239650001100247650000800258650001400266690002400280906001100304999001900315952016800334210210b2000 xxu||||| |||| 00| 0 eng d a0 07 463725 8 a658.002 MUNH aMUNEER (Muhamed) and others aHow to prepare for the common admission test: CAT aN DbT M Hc2000 ax,616,8 ato athe atest: aprepare aHow afor acommon aCAT aadmission aManagement Entrance a056207 c103737d103737 001040708ManagementaALbALcManagementd2021-02-17eHigginbothams (P) Ltd., Mangalore-01.g250.00l0o658.002 MUNHp056207r2021-02-17 00:00:00w2021-02-17yBK